| 000 | 00847cam a22002654a 4500 | ||
|---|---|---|---|
| 008 | |||
| 020 | _a0131911791 (pbk.) | ||
| 049 | _aMAIN | ||
| 090 |
_aQA76.758 _bBRU |
||
| 100 | 1 | _aBruegge, Bernd | |
| 245 | 1 | 0 |
_aObject oriented software engineering : _busing UML, patterns, and Java / _cBernd Bruegge & Allen H. Dutoit |
| 250 | _a2nd ed. | ||
| 260 |
_aUpper Saddle River _bPearson education, _c2004 |
||
| 300 |
_axxxiv, 762 p. : _bill ; _c24 cm. |
||
| 500 | _aIncludes index. | ||
| 504 | _aIncludes bibliographical references. | ||
| 650 | 0 | _aSoftware engineering | |
| 650 | 0 | _aObject-oriented programming (Computer science) | |
| 700 | 1 | _aDutoit, Allen H | |
| 907 |
_a.b10374504 _b27-07-16 _c27-07-16 |
||
| 003 | |||
| 005 | 20230123122221.0 | ||
| 040 | _cNUST | ||
| 942 |
_cBOOKS _kQA76.758 _mBRU |
||
| 999 |
_c129833 _d129833 |
||